HTML : Introductory concepts and techniques

में बचाया:
ग्रंथसूची विवरण
मुख्य लेखक: Shelly, Gary B.
स्वरूप: पुस्तक
भाषा:Undetermined
प्रकाशित: Boston, MA Thomson/Course Technology 2007
विषय:
टैग : टैग जोड़ें
कोई टैग नहीं, इस रिकॉर्ड को टैग करने वाले पहले व्यक्ति बनें!
Thư viện lưu trữ: Trung tâm Học liệu Trường Đại học Cần Thơ
LEADER 00680nam a2200205Ia 4500
001 CTU_128972
008 210402s9999 xx 000 0 und d
020 |c 566000 
082 |a 005.72 
082 |b S545 
100 |a Shelly, Gary B. 
245 0 |a HTML : 
245 0 |b Introductory concepts and techniques 
245 0 |c Gary B. Shelly, Thomas J. Cashman and Denise M. Woods 
260 |a Boston, MA 
260 |b Thomson/Course Technology 
260 |c 2007 
650 |a HTML ( Document markup language ),Web site development.,HTML ( Ngôn ngữ siêu văn bản ),Triển khai web site 
904 |i Minh 
980 |a Trung tâm Học liệu Trường Đại học Cần Thơ